000 00534nam a2200181Ia 4500
008 131103s9999 xx 000 0 und d
040 _aLoreto College
041 _aEnglish
082 _a420.7/LAD
_bLCBED/8449
100 _aLado, Robert
245 _aLanguage teaching
_b a scientific approach
_cLado, Robert
260 _aBombay
_bTata McGraw - Hill
_c1964
300 _axiv,239p.
_c 22cm.
504 _aIncludes bibliography & index
650 _aEnglish Language-study & teaching
850 _aLCBED/420.7/LAD
942 _cBK
999 _c27730
_d78209